<?xml version="1.0" encoding="UTF-8"?>
<record
    xmlns:xsi="http://www.w3.org/2001/XMLSchema-instance"
    xsi:schemaLocation="http://www.loc.gov/MARC21/slim http://www.loc.gov/standards/marcxml/schema/MARC21slim.xsd"
    xmlns="http://www.loc.gov/MARC21/slim">

  <leader>06171nam a22005057a 4500</leader>
  <controlfield tag="001">BRCA_8564</controlfield>
  <controlfield tag="002">W-30</controlfield>
  <controlfield tag="003">FranzMayer</controlfield>
  <controlfield tag="005">20260331172638.0</controlfield>
  <controlfield tag="008">260331s1648    gw b|||gr|||| 00| | ger d</controlfield>
  <datafield tag="040" ind1=" " ind2=" ">
    <subfield code="a">BMFM</subfield>
    <subfield code="b">spa</subfield>
  </datafield>
  <datafield tag="041" ind1="0" ind2=" ">
    <subfield code="a">ger</subfield>
  </datafield>
  <datafield tag="050" ind1=" " ind2="0">
    <subfield code="a">G1000</subfield>
    <subfield code="b">.A85 1648</subfield>
  </datafield>
  <datafield tag="100" ind1="1" ind2=" ">
    <subfield code="a">Janssonius, Johannes</subfield>
    <subfield code="d">(1588-1664)</subfield>
    <subfield code="e">editor e impresor</subfield>
    <subfield code="9">30057</subfield>
  </datafield>
  <datafield tag="245" ind1="1" ind2="0">
    <subfield code="a">Atlas Minor, Das ist: Eine kurtze jedoch gr&#xFC;ndliche Beschreibung der gantzen Welt. In zwey Theile abgetheilt. Das Erste begreifft Gro&#xDF;-Britannien, die Mittern&#xE4;chtige L&#xE4;nder, Teutschland und Niederland (Vol. I). // Das Ander Theil. Das Ander begreifft Frankreich, Hispanien, Italien, Bergstrass und Asia, Africa und America (Vol. II) /</subfield>
    <subfield code="c">Johannes Janssonius</subfield>
  </datafield>
  <datafield tag="260" ind1=" " ind2=" ">
    <subfield code="a">&#xC1;msterdam, Pa&#xED;ses Bajos: </subfield>
    <subfield code="b">Johannes Janssonius ;</subfield>
    <subfield code="c">1648</subfield>
  </datafield>
  <datafield tag="300" ind1=" " ind2=" ">
    <subfield code="a">Volumen I: [10], 460, [3] p&#xE1;ginas/Volumen II: 428, [2] p&#xE1;ginas : </subfield>
    <subfield code="b">mapas calcogr&#xE1;ficos ; </subfield>
    <subfield code="c">19 x 23.5 x 8.3 cm </subfield>
  </datafield>
  <datafield tag="520" ind1="3" ind2=" ">
    <subfield code="a">Edici&#xF3;n revisada y ampliada del atlas hom&#xF3;nimo que Gerard Mercator y Jodocus Hondius publicaron en 1595. Siendo &#xE9;ste &#xFA;ltimo quien, tras adquirir las planchas originales en 1604, trabaj&#xF3; junto a su yerno Johannes Janssonius en la incorporaci&#xF3;n de nuevas planchas para crear esta edici&#xF3;n actualizada.Dividido en dos vol&#xFA;menes, este Atlas Minor incorpora un total de 215 mapas calcogr&#xE1;ficos que abarcan diversas regiones de Europa, &#xC1;frica, Asia y Am&#xE9;rica, seg&#xFA;n los conocimientos y descubrimientos geogr&#xE1;ficos del siglo XVII. </subfield>
    <subfield code="b">Los mapas, grabados por los artistas Pieter van den Keere y Abraham Goos, destacan por su detalle y precisi&#xF3;n.  Adem&#xE1;s de varios mapas de Mercator -considerados entre las representaciones terrestres m&#xE1;s importantes de su tiempo- la obra incorpora representaciones de regiones como el Imperio Turco, China, India y Jap&#xF3;n. Fue concebida como una alternativa m&#xE1;s accesible y manejable que los grandes atlas en formato folio, teniendo una amplia difusi&#xF3;n como herramienta educativa y fuente de consulta entre los comerciantes, exploradores y acad&#xE9;micos de la &#xE9;poca.</subfield>
  </datafield>
  <datafield tag="563" ind1=" " ind2=" ">
    <subfield code="a">Otras referencias f&#xED;sicas: Encuadernaci&#xF3;n entera en piel alumada. El papel del cuerpo del libro est&#xE1; formado por pulpa de trapo, hecho a mano, con marcas de verjurado y marcas de agua. El cuerpo del libro est&#xE1; formado por cuadernillos unidos mediante costura alternada sobre tres soportes elevados y sencillos de piel alumada; las prolongaciones de los soportes se usaron para unir el cuerpo a la cartera. Lomera redonda. Endose de material de re&#xFA;so, aparentemente papel, manuscrito en el panel de cabeza; no fue posible determinar el tipo de endose ni la presencia en el resto de los paneles. Cabezadas tejidas con hilo rojo y blanco con almas de piel alumada y prolongaciones enlazadas a la cartera. Cantos refinados, pulidos y coloreados en azul. Soportes de las tapas de madera. Cartera decorada; la piel tiene decoraci&#xF3;n con textura; las tapas tienen gofrado y biseles en los tres cantos. Tiene dos broches de metal; de la tapa posterior salen las correas del broche con la parte met&#xE1;lica que se atoran en los broches de la tapa anterior. Texto impreso. Anotaci&#xF3;n en tinta ferrog&#xE1;lica en la contraguarda anterior</subfield>
  </datafield>
  <datafield tag="591" ind1=" " ind2=" ">
    <subfield code="a">Estado de Conservaci&#xF3;n:  Bueno</subfield>
  </datafield>
  <datafield tag="591" ind1=" " ind2=" ">
    <subfield code="b">Descripci&#xF3;n de conservaci&#xF3;n: Reparaciones antiguas; la portada tiene un injerto y un refuerzo; las hojas de guarda anteriores tienen un refuerzo. Suciedad, dobleces y roturas m&#xED;nimas en las hojas; puntas anteriores desnudas; rotura en la ca&#xF1;uela anterior de la cofia de cabeza</subfield>
  </datafield>
  <datafield tag="592" ind1=" " ind2=" ">
    <subfield code="a">Marcas Adicionales: Resto del t&#xED;tulo e informaci&#xF3;n en la portada del Volumen I: &lt;&lt; Mit vielen sch&#xF6;nen neuen Kupferst&#xFC;cken und Land-Beschreibungen vermehret und verbessert&gt;&gt; Traducci&#xF3;n: " Enriquecido y mejorado con muchos hermosos grabados nuevos y descripciones geogr&#xE1;ficas". sto del t&#xED;tulo e informaci&#xF3;n en la portada del Volumen II: &lt;&lt;Mit vielen sch&#xF6;nen Kupferst&#xFC;cken und Land-Beschreibungen au&#xDF;gezieret und verbessert&gt;&gt; Traducci&#xF3;n: "Enriquecido y mejorado con muchos hermosos grabados y descripciones geogr&#xE1;ficas". Encuadernaci&#xF3;n con dos vol&#xFA;menes: Vol&#xFA;men I de la p&#xE1;g.1 a la p&#xE1;g.460; Vol&#xFA;men II de la p&#xE1;g.1 a la p&#xE1;g.428. Grabado en guardas con las siglas [IHS] que corresponden de la compa&#xF1;&#xED;a de Jes&#xFA;s. Notas manuscritas en las guardas. Exlibris de Franz Mayer en las guardas. Gofrado o marca de agua o grabado de la encuadernaci&#xF3;n despu&#xE9;s en guarda volante. De la p&#xE1;gina [1] a la [10] el texto esta en prosa en una sola columna, posiblemente correspondiente a una dedicatoria al lector, as&#xED; como dos textos adicionales sobre  las tablas y la estructura cartogr&#xE1;fica de los mapas. Mapa del mundo &lt;&lt;Typus orbis terrarum&gt;&gt; en p&#xE1;gina 3. Mapa del: &lt;&lt;polvs arcticvs&gt;&gt; en p&#xE1;gina 5. Texto a doble columna con apostillas marginales y reclamos </subfield>
  </datafield>
  <datafield tag="593" ind1=" " ind2=" ">
    <subfield code="a">Colecci&#xF3;n adicional: Atlas geogr&#xE1;ficos</subfield>
  </datafield>
  <datafield tag="650" ind1="1" ind2="0">
    <subfield code="a">Atlases</subfield>
    <subfield code="y">Early works to 1800</subfield>
    <subfield code="9">30160</subfield>
  </datafield>
  <datafield tag="650" ind1="1" ind2="0">
    <subfield code="a">Cartography</subfield>
    <subfield code="x">History</subfield>
    <subfield code="9">30161</subfield>
  </datafield>
  <datafield tag="650" ind1="1" ind2="0">
    <subfield code="a">Maps</subfield>
    <subfield code="y">16th century</subfield>
    <subfield code="9">30162</subfield>
  </datafield>
  <datafield tag="650" ind1="1" ind2="0">
    <subfield code="a">World maps</subfield>
    <subfield code="y">Early works to 1800</subfield>
    <subfield code="9">30163</subfield>
  </datafield>
  <datafield tag="650" ind1="1" ind2="0">
    <subfield code="a">Navigation</subfield>
    <subfield code="x">Maps</subfield>
    <subfield code="z">Early works to 1800</subfield>
    <subfield code="9">30164</subfield>
  </datafield>
  <datafield tag="651" ind1=" " ind2="1">
    <subfield code="a">Great Britain</subfield>
    <subfield code="x">Maps</subfield>
    <subfield code="y">Early works to 1800</subfield>
    <subfield code="9">30165</subfield>
  </datafield>
  <datafield tag="651" ind1=" " ind2="1">
    <subfield code="a">Germany</subfield>
    <subfield code="x">Maps</subfield>
    <subfield code="y">Early works to 1800</subfield>
    <subfield code="9">30166</subfield>
  </datafield>
  <datafield tag="651" ind1=" " ind2="1">
    <subfield code="a">Netherlands</subfield>
    <subfield code="x">Maps</subfield>
    <subfield code="y">Early works to 1800</subfield>
    <subfield code="9">30167</subfield>
  </datafield>
  <datafield tag="651" ind1=" " ind2="1">
    <subfield code="a">Europe</subfield>
    <subfield code="x">Maps</subfield>
    <subfield code="y">Early works to 1800</subfield>
    <subfield code="9">30168</subfield>
  </datafield>
  <datafield tag="651" ind1=" " ind2="1">
    <subfield code="a">Asia</subfield>
    <subfield code="x">Maps</subfield>
    <subfield code="y">Early works to 1800</subfield>
    <subfield code="9">30169</subfield>
  </datafield>
  <datafield tag="651" ind1=" " ind2="1">
    <subfield code="a">America</subfield>
    <subfield code="x">Maps</subfield>
    <subfield code="y">Early works to 1800</subfield>
    <subfield code="9">30170</subfield>
  </datafield>
  <datafield tag="651" ind1=" " ind2="1">
    <subfield code="a">Africa</subfield>
    <subfield code="x">Maps</subfield>
    <subfield code="y">Early works to 1800</subfield>
    <subfield code="9">30171</subfield>
  </datafield>
  <datafield tag="700" ind1="1" ind2=" ">
    <subfield code="a">Mercator, Gerard</subfield>
    <subfield code="d">(1512&#x2013;1594)</subfield>
    <subfield code="e">autor original y cart&#xF3;grafo</subfield>
    <subfield code="9">30172</subfield>
  </datafield>
  <datafield tag="700" ind1="1" ind2=" ">
    <subfield code="a">Goos, Abraham</subfield>
    <subfield code="d">(ca. 1590-1643)</subfield>
    <subfield code="e">grabador y cart&#xF3;grafo</subfield>
    <subfield code="9">30173</subfield>
  </datafield>
  <datafield tag="700" ind1="1" ind2=" ">
    <subfield code="a">Keere, Pieter van den</subfield>
    <subfield code="d">(ca. 1571- ca. 1646)</subfield>
    <subfield code="e">grabador</subfield>
    <subfield code="9">30174</subfield>
  </datafield>
  <datafield tag="700" ind1="1" ind2=" ">
    <subfield code="a">Hondius, Jodocus</subfield>
    <subfield code="d">(1563-1612)</subfield>
    <subfield code="e">editor y cart&#xF3;grafo</subfield>
    <subfield code="9">30175</subfield>
  </datafield>
  <datafield tag="700" ind1="1" ind2=" ">
    <subfield code="a">Janssonius, Johannes</subfield>
    <subfield code="d">(1588-1664)</subfield>
    <subfield code="e">editor e impresor</subfield>
    <subfield code="9">30057</subfield>
  </datafield>
  <datafield tag="856" ind1="4" ind2="1">
    <subfield code="q">TIF//PDF</subfield>
    <subfield code="u">https://bibliotecadigital.franzmayer.org.mx/items/1ed56c55-5b08-486b-a361-e68465e0ef5b</subfield>
    <subfield code="y">Biblioteca Museo Franz Mayer</subfield>
  </datafield>
  <datafield tag="902" ind1=" " ind2=" ">
    <subfield code="a">KH</subfield>
    <subfield code="a">FM</subfield>
    <subfield code="a">TV</subfield>
  </datafield>
  <datafield tag="942" ind1=" " ind2=" ">
    <subfield code="2">lcc</subfield>
    <subfield code="c">B</subfield>
  </datafield>
  <datafield tag="960" ind1=" " ind2=" ">
    <subfield code="a">CS-L2-N1</subfield>
  </datafield>
  <datafield tag="999" ind1=" " ind2=" ">
    <subfield code="c">11110</subfield>
    <subfield code="d">11110</subfield>
  </datafield>
  <datafield tag="952" ind1=" " ind2=" ">
    <subfield code="a">BRCA</subfield>
    <subfield code="b">BRCA</subfield>
    <subfield code="f">CS-L2-N1</subfield>
    <subfield code="i">W-30</subfield>
    <subfield code="l">0</subfield>
    <subfield code="o">G1000 .A85 1648</subfield>
    <subfield code="p">LAR00068</subfield>
    <subfield code="r">2026-03-31 17:27:00</subfield>
    <subfield code="y">B</subfield>
    <subfield code="0">0</subfield>
    <subfield code="1">0</subfield>
    <subfield code="2">lcc</subfield>
    <subfield code="5">2</subfield>
    <subfield code="7">0</subfield>
    <subfield code="8">LAR</subfield>
  </datafield>
</record>
